Tácticas y estrategias para contar : historias de la gente sobre conflicto y reconciliación en colombia /
Guardado en:
| Autor Principal: | |
|---|---|
| Otros Autores: | , |
| Formato: | Libro |
| Publicado: |
Bogotá :
Centro de Competencia en Comunicación para América Latina Friedrich Ebert Stiftung,
2010
|
| Materias: | |
| Etiquetas: |
Agregar Etiqueta
Sin Etiquetas, Sea el primero en etiquetar este registro!
|
| LEADER | 00763nam a22002175a 4500 | ||
|---|---|---|---|
| 001 | CEM.cems013960 | ||
| 008 | 130507s2010##################000#0#####d | ||
| 005 | 20210705094302.0 | ||
| 003 | CEMS | ||
| 245 | 1 | 0 | |a Tácticas y estrategias para contar : |b historias de la gente sobre conflicto y reconciliación en colombia / |c Natalia Franco, Patricia Nieto y Omar Rincón |
| 260 | |a Bogotá : |b Centro de Competencia en Comunicación para América Latina Friedrich Ebert Stiftung, |c 2010 | ||
| 300 | |a 214 p. | ||
| 590 | |a 1099.013 | ||
| 020 | |a 9789589900796 | ||
| 100 | 1 | |a Franco, Natalia | |
| 700 | 1 | |a Nieto, Patricia | |
| 700 | 1 | |a Rincón, Omar | |
| 653 | |a Educación | ||
| 653 | |a Colombia | ||
| 653 | |a Biblioteca TC | ||
| 859 | |a CEMS |b BIB. CEMS - 11 de abril |h TC |p 1099.013 |t Ej.1 | ||
